000
00239nam a2200097Ia 4500
008
240625s9999 xx 000 0 und d
041
_a
eng
100
_a
SIMCHI LEVI DAVID
245
_a
DESIGNING AND MANAGING THE SUPPLY CHAIN
260
_c
2004
999
_c
33262
_d
33262